|
|
|
|
| LEADER |
00000nam0a2200000 4500 |
| 001 |
293938 |
| 005 |
20231102000637.0 |
| 020 |
|
|
|a RU
|b 83-91424
|
| 035 |
|
|
|a (RuTPU)RU\TPU\book\318988
|
| 090 |
|
|
|a 293938
|
| 100 |
|
|
|a 20150507d1983 k y0rusy5003 ca
|
| 101 |
0 |
|
|a rus
|
| 102 |
|
|
|a UA
|
| 105 |
|
|
|a a z 001zy
|
| 200 |
1 |
|
|a Электронная спектроскопия кристаллов
|f В. В. Немошкаленко, В. Г. Алешин
|g Академия наук Украинской ССР (АН УССР), Институт металлофизики
|
| 205 |
|
|
|a 2-е изд., перераб. и доп.
|
| 210 |
|
|
|a Киев
|c Наукова думка
|d 1983
|
| 215 |
|
|
|a 288 с.
|c ил.
|
| 606 |
1 |
|
|a Кристаллы
|x Спектроскопические исследования
|2 stltpush
|3 (RuTPU)RU\TPU\subj\16398
|9 42460
|
| 610 |
1 |
|
|a электронная спектроскопия
|
| 610 |
1 |
|
|a физические принципы
|
| 610 |
1 |
|
|a металлы
|
| 610 |
1 |
|
|a сплавы
|
| 610 |
1 |
|
|a переходные металлы
|
| 610 |
1 |
|
|a благородные металлы
|
| 610 |
1 |
|
|a соединения
|
| 610 |
1 |
|
|a Оже-спектроскопия
|
| 675 |
|
|
|a 548.75
|v 3
|
| 700 |
|
1 |
|a Немошкаленко
|b В. В.
|g Владимир Владимирович
|
| 701 |
|
1 |
|a Алешин
|b В. Г.
|g Валентин Григорьевич
|
| 712 |
0 |
2 |
|a Академия наук Украинской ССР (АН УССР)
|b Институт металлофизики
|2 stltpush
|3 (RuTPU)RU\TPU\col\12899
|
| 801 |
|
0 |
|a RU
|b RuMRKP
|c 19950704
|g psbo
|
| 801 |
|
1 |
|a RU
|b 63413507
|c 20150507
|
| 801 |
|
2 |
|a RU
|b 63413507
|c 20200908
|g RCR
|
| 942 |
|
|
|c BK
|